| 000 | 00960 a2200241 4500 | ||
|---|---|---|---|
| 999 |
_c186181 _d186181 |
||
| 003 | Nust | ||
| 005 | 20171218110140.0 | ||
| 008 | 171218b xxu||||| |||| 00| 0 eng d | ||
| 010 | _a 78066987 | ||
| 020 | _a8130706202 | ||
| 040 | _c0 | ||
| 082 | 0 | 0 | _a808.02 BEN |
| 100 | 1 |
_aBennett, James D. _97422 |
|
| 245 | 1 | 0 |
_aWriting history papers : _ban introduction / _cJames D. Bennett, Lowell H. Harrison. |
| 260 |
_aNew Delhi _bCosmo _cc2007 |
||
| 300 |
_a64p. ; _c29 cm. |
||
| 490 | 0 | _aThe Forum series | |
| 500 | _aP.B | ||
| 505 | _aIntroduction (Page-5) Selecting a Topic (Page-7) Bibliographical Aids (Page-9) Note Taking (Page-19) Writing your Paper (Page-23) Mechanics of Term Papers (Page-29) Footnotes (Page-37) Bibliography (Page-45) Exercises (Page-57) Index (Page-63). | ||
| 538 | _aAlmirah No.59 Shelf No.4 | ||
| 650 | 0 |
_aAcademic writing _xHandbooks, manuals, etc. _97423 |
|
| 650 | 0 |
_aHistoriography _xHandbooks, manuals, etc. _97424 |
|
| 650 | 0 |
_aHistory _xResearch _xHandbooks, manuals, etc. _97425 |
|
| 700 | 1 |
_aHarrison, Lowell Hayes, _d1922- _97426 |
|
| 942 |
_2ddc _cBK _kIESE |
||